| 000 | 01473cam a2200313 a 4500 | ||
|---|---|---|---|
| 001 | 14023156 | ||
| 005 | 20170105102854.0 | ||
| 008 | 050701s2006 nju b 001 0 eng | ||
| 010 | _a 2005051469 | ||
| 020 | _a9780691125015 (cl : alk. paper) | ||
| 020 | _a0691125015 (cl : alk. paper) | ||
| 020 | _a9780691125695 (pb : alk. paper) | ||
| 020 | _a0691125694 (pb : alk. paper) | ||
| 040 |
_aDLC _cDLC _dDLC |
||
| 050 | 0 | 0 |
_aJZ1329.5 _b.T73 2005 |
| 082 | 0 | 0 |
_a327.072 _222 |
| 100 | 1 |
_aTrachtenberg, Marc, _d1946- |
|
| 245 | 1 | 4 |
_aThe craft of international history : _ba guide to method / _cMarc Trachtenberg. |
| 260 |
_aPrinceton, NJ : _bPrinceton University Press, _cc2006. |
||
| 300 |
_ax, 266 p. ; _c24 cm. |
||
| 504 | _aIncludes bibliographical references (p. [257]-262) and index. | ||
| 650 | 0 |
_aInternational relations _xHistory. |
|
| 856 | 4 | 2 |
_3Publisher description _uhttp://www.loc.gov/catdir/enhancements/fy0654/2005051469-d.html |
| 856 | 4 | 1 |
_3Table of contents only _uhttp://www.loc.gov/catdir/enhancements/fy0654/2005051469-t.html |
| 856 | 4 | 2 |
_3Contributor biographical information _uhttp://www.loc.gov/catdir/enhancements/fy0734/2005051469-b.html |
| 906 |
_a7 _bcbc _corignew _d1 _eocip _f20 _gy-gencatlg |
||
| 942 |
_2ddc _cBK |
||
| 999 |
_c14382 _d14382 |
||